MARC

LEADER 00000cam a2200000 7i4500
001 0000050310
005 20190213093000.0
008 060702s2005 my eng
020 |a 9831002407 
050 0 0 |a RF81   |b .R34 2005 
060 1 0 |a WV 140   |b R147e 2005 
090 0 0 |a WV 140   |b R147e 2005 
100 0 |a Rahmat Omar ,   |e author 
245 1 0 |a Ear, nose, throat :   |b colour atlas and synopsis   |c Rahmat Omar, Prepageran Narayanan, Raman Rajagopalan 
260 2 |a Kuala Lumpur :   |b University of Malaya Press ,   |c 2005 
300 |a xxi, 151 p. :   |b col. ill. ;   |c 23 cm. 
440 0 |a Series on health science 
504 |a Includes index 
505 0 |a Sect. 1 Otology -- Sect. 2 Rhinology -- Sect. 3 Laryngology -- Sect. 4 Head and neck surgery 
650 0 |a Ear   |x Diseases   |v Atlases 
650 0 |a Nose   |x Diseases   |v Atlases 
650 0 |a Otolaryngology   |v Atlases 
650 0 |a Otolaryngology   |x Diseases   |v Atlases 
650 0 |a Otology   |x Diseases   |v Atlases 
650 0 |a Throat   |x Diseases   |v Atlases 
650 1 2 |a Otorhinolaryngologic Diseases 
655 2 |a Atlases 
700 1 |a Narayanan, Prepageran ,   |e author 
700 1 |a Rajagopalan, Raman ,   |e author 
830 0 |a Siri kajian sains kesihatan (Penerbit Universiti Malaya) 
999 |a 1000107399   |b Book   |c OPEN SHELF (30 DAYS)   |e Medical Campus